000
00305nam a2200121Ia 4500
008
180117s9999 xx 000 0 und d
100
_a
Alfredo N Mendoza
245
_a
Science for the People
260
_c
2017
300
_a
10-13 pages, 2017 July 16
440
_a
Philippine Panorama
650
_a
PEOPLE
999
_c
353326
_d
353326